000
00282pam a2200121 a 4500
020
_c
041
_h
082
_a
770
_b
HIC
245
_a
The Photographing People
_h
Textual Documents
260
_a
[s.l]:
_b
page One Publishing .,
_c
2009.
300
_a
256:
_b
paper.
930
_a
5993
999
_c
239783
_d
239783